| 000 | 00717cam a22002174a 4500 | ||
|---|---|---|---|
| 020 | _a0767416953 | ||
| 040 | _cDLC | ||
| 082 | 0 | 0 | _a599 MAY 2001 A033 Or. |
| 100 | 1 | _aFeder, Kenneth L. | |
| 245 | 1 | 0 |
_aHuman antiquity : _ban introduction to physical anthropology and archaeology / |
| 250 | _a4th ed. | ||
| 260 |
_aMountain View, Calif. : _bMayfield Pub. Co., _cc2001. |
||
| 300 |
_axviii, 561, 52 p. : _bcol. ill. ; _c24 cm. |
||
| 650 | 0 | _aPhysical anthropology. | |
| 650 | 0 | _aArchaeology. | |
| 650 | 0 | _aPrehistoric peoples. | |
| 700 | 1 | _aPark, Michael Alan. | |
| 856 | 4 | 2 | _uhttp://www.loc.gov/catdir/description/mh024/00053292.html |
| 856 | 4 | 1 | _uhttp://www.loc.gov/catdir/toc/mh023/00053292.html |
| 942 | _cEK | ||
| 999 |
_c12356 _d12356 |
||